000 00806cam a22002653a 4500
001 26016
003 PGUSA
005 20140828083547.0
008 080709s2008||||xxu|||||s|||||000 1 eng d
040 _aPGUSA
_beng
042 _adc
050 4 _aPS
100 1 _aAlger, Horatio,
_d1832-1899
245 1 4 _aThe Young Outlaw ;
_bor, Adrift in the Streets
_h[electronic resource] /
_cHoratio Alger
260 _bProject Gutenberg,
_c2008
506 _aPublic domain in the USA.
516 _aElectronic text
653 _aHomeless persons -- Fiction
653 _aNew York (N.Y.) -- History -- 19th century -- Fiction
653 _aOrphans -- Fiction
653 _aConduct of life -- Fiction
830 0 _aProject Gutenberg
_v26016
856 4 0 _uhttp://www.gutenberg.org/ebooks/26016
942 _cEB
999 _c255271
_d255271